| 000 | 00453nam a2200193Ia 4500 | ||
|---|---|---|---|
| 005 | 20240823013102.0 | ||
| 008 | 240823s9999||||xx |||||||||||||| ||und|| | ||
| 020 | _a0333 93769 1 | ||
| 041 | _aENGLISH | ||
| 082 | _A658 P3 | ||
| 100 | _aPrem Chandra | ||
| 245 | 0 | _aPerformance Management | |
| 250 | _a1st | ||
| 260 |
_c2003 _b"Macmillan,New Delhi" |
||
| 500 | _aYES | ||
| 650 |
_aManagement _bManagement Studies |
||
| 942 | _cBK | ||
| 999 |
_c166242 _d166242 |
||